01829nam a22002417a 4500003001000000005001700010008004100027015001200068020002200080040003400102080002000136100004800156245004700204260003800251300002100289490003400310500005000344520101000394600005901404650003001463651006901493655002501562AR-RoUNCS20260209152851.0140812s2010 ag gr 001 f spa  aAR-2010 a978-987-04-1669-2 aAR-BaBNbspacAR-RoUNCSeaacr1 a82-31(85)220161 aVargas Llosa, Mario,d1936-2025eautor4aut13aLa fiesta del chivo /cMario Vargas Llosa. aBuenos Aires :bAlfaguara,c2010. a518 p. ;c23 cm.1 aBiblioteca Mario Vargas Llosa aEn cubierta "Premio Nobel de Literatura 2010"3 a¿Por qué regresa Urania Cabral a la isla que juró no volver a pisar? ¿Por qué sigue vacía y llena de miedo desde los catorce años? ¿Por qué no ha tenido un solo amor? En La Fiesta del Chivo asistimos a un doble retorno. Mientras Urania visita a su padre en Santo Domingo, volvemos a 1961, cuando la capital dominicana aún se llamaba Ciudad Trujillo. Allí un hombre que no suda tiraniza a tres millones de personas sin saber que se gesta una maquiavélica transición a la democracia. Vargas Llosa, un clásico contemporáneo, relata el fin de una era dando voz, entre otros personajes históricos, al impecable e implacable general Trujillo, apodado el Chivo, y al sosegado y hábil doctor Balaguer (sempiterno presidente de la República Dominicana). Con un ritmo y una precisión difícilmente superables, este peruano universal muestra que la política puede consistir en abrirse camino entre cadáveres, y que un ser inocente puede convertirse en un regalo truculento.14aTrujillo Molina, Rafael Leónidas,d1891-1961vNovela 72embneaLiteratura peruana 4aRepública DominicanaxPolítica y gobiernoy1930-1961vNovela 7aNovelas históricas